Statistics for Countries with Twisted Buildings

Click here to take the quiz!

General Stats

  • This quiz has been taken 35 times
  • The average score is 12 of 19

Answer Stats

Country % Correct
Japan
97%
China
94%
United Arab Emirates
91%
Canada
91%
India
88%
United Kingdom
88%
Russia
88%
Qatar
84%
Saudi Arabia
78%
Italy
78%
Bahrain
72%
Kuwait
69%
Sweden
66%
South Africa
53%
Panama
44%
Azerbaijan
25%
Cyprus
19%
Bosnia and Herzegovina
16%
Ecuador
9%

Score Distribution

Percentile by Number Answered

Percent of People with Each Score

Your Score History

You have not taken this quiz